| 000 | 00894nam a2200253 a 4500 | ||
|---|---|---|---|
| 005 | 20071231103130.0 | ||
| 008 | 080901t xxu||||| |||| 00| 0 eng d | ||
| 010 | _aENG-90841 | ||
| 020 |
_c400.00 _a8190422960 |
||
| 035 | _aEN-74374 | ||
| 037 | _bDBAD / PUB | ||
| 040 | _aDPL | ||
| 082 | _a323 | ||
| 100 | _aMathur, P.C. | ||
| 245 |
_aConcept and national policy of human rights / _cby P.C. Mathur [and] Ravindra Sharma |
||
| 260 |
_aJaipur _bAgarwal Publishing House _c2007 |
||
| 270 |
_a1885, Shukhlala Vyas Ki Gali, Nataniyon Ka Rasta, _bJaipur _e302003 |
||
| 300 |
_aiii, 177p. _c23 cm (Hb) |
||
| 500 | _aIncludes bibliographical references | ||
| 650 | _aHuman rights | ||
| 700 | _aSharma, Ravindra | ||
| 942 |
_2ddc _cEN _h323 _mMAT |
||
| 999 |
_c15253 _d15253 |
||